00459 2200169 4500001002100000005001500021008004100036020002200077035001900099041000700118082001000125090001600135100001700151245004900168260003700217300003500254INLIS00000000000906720241224113746241224||||||||| | ||| |||| || |  a978-979-3535-69-2 0010-1224009067 aid0 a599.3 a599.3 ENS e0 aTim Penerbit00aEnsiklopedia Biologi Dunia Hewan 2 : Mamalia aJakartabPT. Lentera Abadic2010 axxxiv, 175 hlm. ; ill. : 29 cm